First Course Book of Visual C++ (Record no. 306659)

000 -LEADER
fixed length control field 00280 a2200121 4500
001 - CONTROL NUMBER
control field 71586
082 ## - DEWEY DECIMAL CLASSIFICATION NUMBER
Author Mark 005.268 BRO
090 ## - LOCALLY ASSIGNED LC-TYPE CALL NUMBER (OCLC); LOCAL CALL NUMBER (RLIN)
-- 38783
-- 38783
100 ## - MAIN ENTRY--PERSONAL NAME
Personal name Bronson, Gary J
245 ## - TITLE STATEMENT
Title First Course Book of Visual C++
260 ## - PUBLICATION, DISTRIBUTION, ETC.
Place of publication, distribution, etc. Australia
Name of publisher, distributor, etc. Vikas
Date of publication, distribution, etc. 2000
300 ## - PHYSICAL DESCRIPTION
Extent 993p.
942 ## - ADDED ENTRY ELEMENTS (KOHA)
Institution code [OBSOLETE] CAE NUST
Call number prefix 005.268 BRO
Holdings
Withdrawn status Lost status Damaged status Not for loan Collection code Permanent Location Current Location Date acquired Total Checkouts Full call number Barcode Date last seen Price effective from Koha item type
          College of Aeronautical Engineering (CAE) College of Aeronautical Engineering (CAE) 04/03/2017   005.268 BRO CAEN-831 04/05/2017 04/05/2017 Book
© 2023 Central Library, National University of Sciences and Technology. All Rights Reserved.